000 00671cam a22002293a 4500
001 22906
003 PGUSA
005 20140828083504.0
008 071006s2007||||xxu|||||s|||||000 1 eng d
040 _aPGUSA
_beng
042 _adc
050 4 _aPS
100 1 _aKing, Charles,
_d1844-1933
245 1 2 _aA War-Time Wooing :
_bA Story
_h[electronic resource] /
_cCharles King
260 _bProject Gutenberg,
_c2007
506 _aPublic domain in the USA.
516 _aElectronic text
653 _aUnited States -- History -- Civil War, 1861-1865 -- Fiction
830 0 _aProject Gutenberg
_v22906
856 4 0 _uhttp://www.gutenberg.org/ebooks/22906
942 _cEB
999 _c252161
_d252161